| 000 -LEADER |
| fixed length control field |
01051nam a2200241Ia 4500 |
| 001 - CONTROL NUMBER |
| control field |
11534 |
| 003 - CONTROL NUMBER IDENTIFIER |
| control field |
GE_BSU |
| 008 - FIXED-LENGTH DATA ELEMENTS--GENERAL INFORMATION |
| fixed length control field |
181216s||||||||xx |||||||||||||| ||und|| |
| 040 ## - CATALOGING SOURCE |
| Transcribing agency |
GE_BSU |
| 080 ## - UNIVERSAL DECIMAL CLASSIFICATION NUMBER |
| Universal Decimal Classification number |
63:54(076.5)+631.8(076.5) |
| 100 ## - MAIN ENTRY--PERSONAL NAME |
| Personal name |
სარიშვილი,ი; ა.მენაღარიშვილი; ბ.გერასიმოვი. |
| 245 ## - TITLE STATEMENT |
| Title |
აგრონომიის პრაქტიკუმი. |
| 245 ## - TITLE STATEMENT |
| Remainder of title |
აგრონომიული კვლევის მეთოდები; სახელმძღვ.სას.–სამ.ინ–ტის სტუდენტებისათვის. |
| 245 ## - TITLE STATEMENT |
| Statement of responsibility, etc. |
რედ:ტ.ზოზრაშვილი. |
| 250 ## - EDITION STATEMENT |
| Edition statement |
მე–6 შევსებ. და შესწ. გამოც. |
| 260 ## - PUBLICATION, DISTRIBUTION, ETC. |
| Place of publication, distribution, etc. |
თბილისი. |
| 260 ## - PUBLICATION, DISTRIBUTION, ETC. |
| Name of publisher, distributor, etc. |
განათლება. |
| 260 ## - PUBLICATION, DISTRIBUTION, ETC. |
| Date of publication, distribution, etc. |
1972. |
| 300 ## - PHYSICAL DESCRIPTION |
| Extent |
511გვ;22სმ. |
| 300 ## - PHYSICAL DESCRIPTION |
| Accompanying material |
ცხრ. |
| 653 ## - INDEX TERM--UNCONTROLLED |
| Uncontrolled term |
აგრონომიის პრაქტიკუმი. |
| 942 ## - ADDED ENTRY ELEMENTS (KOHA) |
| Koha item type |
წიგნი |